Madīnat al-Iskandarīyah /

محفوظ في:

المؤلف الرئيسي: ʿAbd-al-Ḥakīm, Muḥammad Ṣubḥī (مؤلف)

التنسيق: كتاب

اللغة: Arabic

منشور في: al-Qāhirah : Maktabit Misr, 1958.

الموضوعات:

الوسوم: إضافة وسم

لا توجد وسوم, كن أول من يضع وسما على هذه التسجيلة!

رقم الطلب: DT154 .A4 A6 1958

LEADER 01025nam a2200241Ia 4500
003 OSt
005 20230712064349.0
008 130303s1958 ua ab b 000 0 ara d
952 |0 0  |1 0  |2 lcc  |4 0  |6 DT0154 A4 A6 01958  |7 1  |9 49193  |a ARCE  |b ARCE  |d 2023-07-12  |l 0  |o DT154 .A4 A6 1958  |p 1030475  |r 2023-07-12 00:00:00  |w 2023-07-12  |y BK 
999 |c 27649  |d 27649 
040 |c ARCE Library 
043 |a f-ua--- 
050 4 |a DT154 .A4 A6 1958 
100 1 |6 880-01  |a ʿAbd-al-Ḥakīm, Muḥammad Ṣubḥī,  |e author 
245 1 0 |6 880-02  |a Madīnat al-Iskandarīyah /   |c tʼalīf Muhạmmad Sụbhị̄ ʻAbd al-Hạkīm. 
264 1 |a al-Qāhirah :   |b Maktabit Misr,   |c 1958. 
300 |a 5, 382 p., [1] folded map. :   |b ill., maps ;   |c 25 cm. 
504 |a Includes bibliographical references (p. 367-375). 
651 0 |a Alexandria (Egypt)  |x History. 
880 1 |6 100-01/(3/r  |a عبد الحكيم، محمد صبحي 
880 1 0 |6 245-02/(3/r  |a مدينة الأسكندرية   |c محمد صبحي عبد الحكيم 
901 |a reviewed 
942 |c BK  |2 lcc